000 00659nam a2200241 4500
001 58570
003 BD-RjUL
005 20211209080633.0
008 161219s2013 uk ||||| |||| 00| 0 eng d
020 _a9780199586301
035 _a(BD-RjUL)58694
040 _beng
_cBD-RjUL
041 _aeng
082 _223
_a362.10941
_bGUO 2013.
100 _aGuest, Charles
_9174027
245 0 1 _aOxford handbook of public health practice/
_cCharles Guest
250 _a3rd ed.
260 _aOxford :
_bOxford University Press,
_c2013.
300 _axxvi, 629p.:
_bill.;
_c18cm.
500 _aIncludes index
650 _aPublic health
_9171535
942 _2ddc
_cBK
999 _c58570
_d58570